| 000 | 00686nam a2200265Ia 4500 | ||
|---|---|---|---|
| 001 | 41057 | ||
| 005 | 20240114003403.0 | ||
| 007 | ta | ||
| 008 | 080204s1988 g b000 u 465 u | ||
| 040 | _aCottonCollege,Assam | ||
| 041 | _a465 | ||
| 082 |
_a311.2 _bGu 959 Op |
||
| 100 | _aGup[ta, P.K . | ||
| 245 | 0 |
_aOperation Research n Introducion / _cP.K.Gupta,D.s Hira. _hTextual Documents |
|
| 250 | _a4th / | ||
| 260 |
_aMeerut : _bKrishna Prakashan Mandir , _c1988. |
||
| 300 |
_a587pg ; _c26cm. |
||
| 653 | _aG-Statistics | ||
| 653 | _aT/G-Statistics | ||
| 700 | _aHira, D.S . | ||
| 942 |
_2ddc _cBK |
||
| 999 |
_c41027 _d41027 |
||